Understanding environmental pollution : a primer
Αποθηκεύτηκε σε:
| Κύριος συγγραφέας: | |
|---|---|
| Μορφή: | Βιβλίο |
| Γλώσσα: | English |
| Δημοσίευση: |
Cambridge, UK; New York :
Cambridge University Press,
2004
|
| Έκδοση: | 2nd ed. |
| Θέματα: | |
| Ετικέτες: |
Προσθήκη ετικέτας
Δεν υπάρχουν, Καταχωρήστε ετικέτα πρώτοι!
|
MARC
| LEADER | 00000nam a2200000 i 4500 | ||
|---|---|---|---|
| 001 | 1/48323 | ||
| 008 | 070717s2004 eng d | ||
| 020 | |a 0-521-52726-0 (pbk.) | ||
| 035 | |l 10088883 | ||
| 040 | |a GR-MY-UA |b gre |e aacr | ||
| 041 | 0 | |a eng | |
| 082 | 0 | |a 363.73 |2 (22) | |
| 100 | 1 | |a Hill, Marquita K. |q (Marquita Kaya) | |
| 245 | 1 | 0 | |a Understanding environmental pollution : |b a primer / |c Marquita K. Hill |
| 250 | |a 2nd ed. | ||
| 260 | |a Cambridge, UK; New York : |b Cambridge University Press, |c 2004 | ||
| 300 | |a xvi, 468 σ.; |b εικ.; |c 26 εκ. | ||
| 504 | |a Περιέχει βιβλιογραφικές παραπομπές και ευρετήριο | ||
| 650 | 0 | 0 | |a Pollution. |
| 650 | 0 | 0 | |a Pollutants. |
| 852 | |a INST |b LESVOS |e 20070717 |h 363.73 HIL |p 005100041510 |q 005100041510 |t BK |y 0 | ||
| 901 | |a BIBL1-2007-2 | ||
| 909 | |a Λ |b 135749 | ||
| 922 | |a 1ΕΛΗ |b 200706 |c ΕΠΕΑΕΚ2/ΤΕΘ |d ΠΑΠΑΣΩΤΗΡΙΟΥ | ||
| 970 | |a ΚΑΡΑ |b ΓΙΑΣΕΜΗ |z 2007/07/17 | ||